000 00623nam a2200217Ia 4500
001 15524
003 GE_BSU
008 181216s||||||||xx |||||||||||||| ||und||
040 _cGE_BSU
080 _a821.353.1-32
100 _aჩხიკვაძე,პანტელეიმონ
245 _aთხზულებანი
245 _bმოთხრობები
245 _cრედ.შ.რადიანი
260 _aტფილისი
260 _bფედერაცია
260 _c1938
300 _a327გვ.23სმ.
653 _aთხზულებანი
942 _cBK
999 _c48624
_d48624